000 00874cam a22003013a 4500
001 4684
003 PGUSA
005 20140828083103.0
008 031101s2003||||xxu|||||s|||||000 1 eng d
040 _aPGUSA
_beng
042 _adc
050 4 _aPS
100 1 _aGrey, Zane,
_d1872-1939
245 1 4 _aThe U. P. Trail
_h[electronic resource] /
_cZane Grey
260 _bProject Gutenberg,
_c2003
506 _aPublic domain in the USA.
516 _aElectronic text
653 _aUnion Pacific Railroad Company -- Fiction
653 _aLove stories
653 _aRailroads -- Design and construction -- Fiction
653 _aWyoming -- Fiction
653 _aKidnapping victims -- Fiction
653 _aSurveyors -- Fiction
653 _aWestern stories
830 0 _aProject Gutenberg
_v4684
856 4 0 _uhttp://www.gutenberg.org/ebooks/4684
942 _cEB
999 _c234013
_d234013